000 00296nam a2200121Ia 4500
008 190216s9999||||xx |||||||||||||| ||und||
100 _aNag D S
245 0 _aProblems Of Under Developed Economy
260 _bLakshmi Narain Agarwal Pub
_c1968
300 _a406p
650 _aCommerce
942 _cBK
999 _c4604
_d4604